[Event "48th Capablanca Open I 2013"]
[Site "Havana CUB"]
[Date "2013.04.28"]
[Round "7.26"]
[White "Larrua Gonzalez,F"]
[Black "Morales Romero,P"]
[Result "1-0"]
[WhiteElo "2295"]
[BlackElo "2366"]

1.e4 c5 2.Nf3 d6 3.Bb5+ Bd7 4.Bxd7+ Qxd7 5.c4 Nc6 6.d4 cxd4 7.Nxd4 Nf6 8.Nc3 a6
9.O-O Nxd4 10.Qxd4 e6 11.b3 Be7 12.Ba3 Qc7 13.Rac1 O-O 14.Rfd1 Rfd8 15.Bb2 b5
16.cxb5 Qb7 17.bxa6 Qxa6 18.f3 h5 19.b4 Rac8 20.a3 h4 21.Qd3 Qa7+ 22.Kf1 Nh5
23.Ne2 Bg5 24.Bd4 Qa4 25.Be3 Bxe3 26.Qxe3 Rxc1 27.Rxc1 Qb5 28.Kf2 Ra8 29.Rc3 e5
30.g3 Nf6 31.Rd3 hxg3+ 32.hxg3 Ra6 33.Kg2 d5 34.Nc3 Qc4 35.Nxd5 Nxd5 36.exd5 Qa2+
37.Qd2 Rxa3 38.d6 Qxd2+ 39.Rxd2 Ra8 40.d7 Rd8 41.b5  1-0

[Event "45th Italian Teams 2013"]
[Site "Bratto ITA"]
[Date "2013.04.29"]
[Round "4"]
[White "David,Alb"]
[Black "Olszewski,Mi"]
[Result "1/2-1/2"]
[WhiteElo "2583"]
[BlackElo "2533"]

1.e4 c5 2.Nf3 d6 3.Bb5+ Nd7 4.O-O a6 5.Bd3 Ngf6 6.c3 b5 7.Bc2 Bb7 8.Re1 e5
9.d4 Be7 10.Nbd2 O-O 11.Nf1 Re8 12.d5 Bf8 13.Ng3 g6 14.Bg5 h6 15.Bd2 c4 16.b3 Qc7
17.h3 a5 18.b4 axb4 19.cxb4 Nb6 20.Ne2 Ra3 21.Nc3 Qd7 22.Nb1 Ra6 23.Nc3 Ra3
24.Nb1 Ra6  1/2-1/2

[Event "Zonal 2.4 Absoluto 2013"]
[Site "Manaus BRA"]
[Date "2013.04.29"]
[Round "4.26"]
[White "Zallio,L"]
[Black "Boabaid,Jorge Alberto Duardes"]
[Result "1-0"]
[WhiteElo "2116"]
[BlackElo "1866"]

1.e4 c5 2.Nf3 d6 3.Bb5+ Bd7 4.Bxd7+ Nxd7 5.c4 g6 6.Nc3 Bg7 7.O-O Ngf6 8.d4 cxd4
9.Nxd4 O-O 10.Be3 Ne5 11.b3 Neg4 12.Bg5 Qa5 13.Nd5 e6 14.Bd2 Qd8 15.Nc3 d5
16.exd5 exd5 17.cxd5 Qd6 18.g3 Qc5 19.Nc2 Rfe8 20.h3 Nxf2 21.Rxf2 Nh5 22.Qf3 Qc7
23.g4 Ng3 24.Rc1 Rac8 25.Ne3 Bd4 26.Nb5 Ne2+ 27.Rxe2  1-0

[Event "Zonal 2.4 Absoluto 2013"]
[Site "Manaus BRA"]
[Date "2013.04.29"]
[Round "4.4"]
[White "Carvalho,H"]
[Black "Mekhitarian,K"]
[Result "1/2-1/2"]
[WhiteElo "2182"]
[BlackElo "2548"]

1.e4 c5 2.Nf3 d6 3.Bb5+ Nd7 4.O-O a6 5.Bxd7+ Bxd7 6.h3 Nf6 7.Re1 g6 8.e5 dxe5
9.Nxe5 Be6 10.Nc3 Bg7 11.d3 O-O 12.Qf3 Nd5 13.Bd2 Rc8 14.Re2 b5 15.Qg3 Qd6
16.Rae1 Rfd8 17.Qh4 Bf6 18.Qh6 Bg7 19.Qh4 Bf6 20.Qh6 Nxc3 21.Bxc3 b4 22.Bd2 c4
23.Bf4 Bg7 24.Qh4 Bf6 25.Qg3 Qd4 26.b3 cxd3 27.Nxd3 Bf5 28.Be5 Bxe5 29.Qxe5 e6
30.Qa5 Bxd3 31.cxd3 Qd6 32.Re4 Rb8 33.Rc4 Rb5 34.Qa4 Qb6 35.d4 Kg7 36.Re3 Rdd5
37.a3 bxa3 38.Qxa3 Rxd4 39.Qb2 Rd5 40.Re4 e5 41.Rxe5 Rd2 42.Re6+ Rxb2 43.Rxb6 Rd1+
44.Kh2 Rxf2 45.Rxa6 h5 46.Ra5 Rb1 47.b4 f6 48.Ra7+ Kh6 49.h4 Rbb2 50.Rcc7 Rxg2+
51.Kh3 g5 52.hxg5+ Rxg5 53.Rab7 Rb3+ 54.Kh2 Rb2+ 55.Kh3 Rd5 56.Rc3 Rd1 57.Rb6 Rh1+
58.Kg3 Kg5 59.Rc8 Rb3+ 60.Kg2 Ra1 61.Rc2 Raa3 62.Rf2 f5 63.Rb5 Rg3+ 64.Kh2 Rh3+
65.Kg2 Rhg3+ 66.Kh2 Rgf3 67.Rxf3 Rxf3 68.Rc5 Rb3 69.b5 Kg4 70.Rc2 Rxb5 71.Kg2 f4
72.Ra2 Rb3 73.Rc2 Rg3+ 74.Kf2 Ra3 75.Kg2 h4 76.Rb2 Rd3 77.Ra2 Rg3+ 78.Kh2 Rd3
79.Kg2 Kf5 80.Ra4 Ke5 81.Rb4 Ra3 82.Rc4 Kf5 83.Rc8 Re3 84.Ra8 Rg3+ 85.Kh2 Kg4
86.Rg8+ Kf3 87.Ra8 Rg2+ 88.Kh3 Re2 89.Ra3+ Ke4 90.Kxh4 f3 91.Kg3 Rg2+ 92.Kh3 Rd2
93.Kg3 Rg2+ 94.Kh3 Rd2 95.Kg3 Rg2+ 96.Kh3 Rg5 97.Ra4+ Ke3 98.Ra3+ Kf2 99.Ra2+ Kg1
100.Ra1+ Kf2 101.Ra2+ Ke3 102.Ra3+ Kf4 103.Ra4+ Kf5 104.Ra5+ Kg6 105.Rxg5+ Kxg5
106.Kg3  1/2-1/2

[Event "45th Italian Teams 2013"]
[Site "Bratto ITA"]
[Date "2013.04.30"]
[Round "5"]
[White "De Eccher,S"]
[Black "Caprio,G"]
[Result "0-1"]
[WhiteElo "2241"]
[BlackElo "2413"]

1.e4 c5 2.Nf3 d6 3.Bb5+ Bd7 4.a4 Nf6 5.d3 Nc6 6.Nbd2 g6 7.Nc4 Bg7 8.O-O O-O
9.Re1 a6 10.Bxc6 Bxc6 11.a5 h6 12.Bd2 Qc7 13.Bc3 e5 14.b4 Nd7 15.bxc5 dxc5
16.Nfd2 Rfe8 17.Qc1 Rad8 18.Qb2 f6 19.Rf1 Re7 20.Rab1 Kh7 21.Qa3 Rf7 22.Ne3 f5
23.f3 f4 24.Nec4 Bb5 25.Qb3 Re7 26.Na3 Bc6 27.Ndc4 Bf6 28.Nb6 Nxb6 29.Qxb6 Qxb6
30.Rxb6 Re6 31.Nc4 Rde8 32.Rfb1 Bd8 33.R6b2 g5 34.Kf2 h5 35.h3 R8e7 36.Nb6 Rg7
37.Rh1 Kg8 38.Rbb1 Bc7 39.Bd2 Reg6 40.Nd5 Bd6 41.c4 g4 42.hxg4 hxg4 43.fxg4 Bxd5
44.exd5 Rxg4 45.Rh2 Rg3 46.Rb6 Bc7 47.Re6 Rxd3 48.Ke2 Rd4 49.Bc3 Re4+ 50.Kd2 Kf7
51.Reh6 Re3 52.d6 Bd8 53.Rh7 Rxh7 54.Rxh7+ Ke6 55.Rxb7 Rg3 56.Ra7 Rxg2+ 57.Ke1 Rc2
58.Bd2 f3  0-1

[Event "48th Capablanca Open I 2013"]
[Site "Havana CUB"]
[Date "2013.04.30"]
[Round "9.16"]
[White "Bacallao Alonso,Y"]
[Black "Ruiz C,J"]
[Result "1/2-1/2"]
[WhiteElo "2542"]
[BlackElo "2357"]

1.e4 c5 2.Nf3 d6 3.Bb5+ Nd7 4.O-O Nf6 5.Re1 a6 6.Bxd7+ Bxd7 7.c4 g6 8.Nc3 Bg7
9.d4 cxd4 10.Nxd4 O-O 11.b3 Rc8 12.Bb2  1/2-1/2

[Event "48th Capablanca Open I 2013"]
[Site "Havana CUB"]
[Date "2013.04.30"]
[Round "9.29"]
[White "Ordunez Echarte,D"]
[Black "Leiva,G"]
[Result "0-1"]
[WhiteElo "2306"]
[BlackElo "2388"]

1.e4 c5 2.Nf3 d6 3.Bb5+ Nd7 4.O-O Nf6 5.Re1 a6 6.Bxd7+ Nxd7 7.b3 b5 8.Bb2 Bb7
9.d4 cxd4 10.Qxd4 e5 11.Qd2 Be7 12.Nc3 Rc8 13.Re2 Nf6 14.Rd1 O-O 15.h3 Rc7
16.Ba3 Qa8 17.Nd5 Bxd5 18.exd5 Rfc8 19.c3 Bf8 20.Re3 g6 21.Ng5 h6 22.Nf3 Nh5
23.g3 f5 24.Nxe5 dxe5 25.Bxf8 Rxf8 26.Rxe5 Kg7 27.Qd4 Nf6 28.c4 bxc4 29.bxc4 Qa7
30.Qf4 Rfc8 31.Re6 Ne4 32.d6 Rf7 33.h4 Rxc4 34.h5 g5 35.Qe5+ Kh7 36.Rf1 Qd4
37.Qxd4 Rxd4 38.Rb1 Rxd6 39.Rxd6 Nxd6 40.Rb6 Ne4 41.Rxa6 Nf6 42.a4 Nxh5 43.a5 Rc7
44.Rb6 Rc1+ 45.Kg2 Ra1 46.a6 Ra2 47.Kf3 Kg7 48.Ke3 Nf6 49.Kd4 Rxf2 50.Rb7+ Kg6
51.Rb6 Ra2  0-1

[Event "Chinese Teams 2013"]
[Site "Tianjin CHN"]
[Date "2013.04.30"]
[Round "1.2"]
[White "Ma Qun"]
[Black "Belov,Vl"]
[Result "1/2-1/2"]
[WhiteElo "2559"]
[BlackElo "2641"]

1.e4 c5 2.Nf3 d6 3.Bb5+ Bd7 4.Bxd7+ Qxd7 5.c4 Nf6 6.Nc3 g6 7.d4 cxd4 8.Nxd4 Bg7
9.h3 Qc7 10.b3 Qa5 11.Bd2 Nxe4 12.Nxe4 Qe5 13.Qb1 f5 14.Bc3 Qxe4+ 15.Qxe4 fxe4
16.Nb5 Bxc3+ 17.Nxc3 e3 18.f3 Nc6 19.O-O-O a6 20.Kb2 O-O 21.Rhe1 Rf5 22.Rxe3 Re5
23.Rxe5 Nxe5 24.Rd4 Nc6 25.Re4 Kf7 26.Nd5 g5 27.Kc3 Rg8 28.b4 e5 29.a4 Ke6
30.a5 h5 31.Kd3 Ne7 32.Nxe7 Kxe7 33.c5 h4 34.b5 Rd8 35.bxa6 bxa6 36.Rg4 Kf6
37.c6 Rc8 38.Rb4 Rxc6 39.Rb6 Rc5 40.Rxd6+ Kf5 41.Rxa6 Kf4 42.Rf6+ Kg3 43.Rf5 Kxg2
44.Ke4 Rxa5 45.Rxg5+ Kxh3 46.f4  1/2-1/2

[Event "45th Italian Teams 2013"]
[Site "Bratto ITA"]
[Date "2013.05.01"]
[Round "7"]
[White "Collutiis,D"]
[Black "Marinelli,T"]
[Result "1/2-1/2"]
[WhiteElo "2473"]
[BlackElo "2373"]

1.e4 c5 2.Nf3 d6 3.Bb5+ Bd7 4.Bxd7+ Qxd7 5.O-O Nc6 6.Qe2 Nf6 7.Rd1 g6 8.c3 Bh6
9.d4 Bxc1 10.Rxc1 O-O 11.Re1 Nh5 12.Qe3 cxd4 13.cxd4 Qg4 14.Nc3 Qf4 15.Qe2 e6
16.Rad1 Rfd8 17.g3 Qf6 18.d5 Ne5 19.Nd4 Nd7 20.dxe6 fxe6 21.Ndb5 Ne5 22.f4 Nf7
23.Nxd6 Nxd6 24.e5 Qe7 25.exd6 Rxd6 26.Rxd6 Qxd6 27.Qxe6+ Qxe6 28.Rxe6 Kf7
29.Rd6 Nf6 30.h3 Rc8 31.Kg2 Rc4 32.Kf3 Ke7 33.Rd2 a6 34.Ke3 Ke6 35.Rd4 Rc6
36.g4 Rb6 37.b3 Rc6 38.Rc4 Rxc4 39.bxc4 h5 40.Kf3 hxg4+ 41.hxg4 Nd7 42.Ne4 b5
43.Ke3 bxc4 44.Kd4 c3 45.Kxc3 Kd5 46.Kd3 a5 47.a3 Nb6 48.Nc3+ Kc5 49.Ne4+ Kd5
50.Nd2  1/2-1/2

[Event "Zonal 2.4 Absoluto 2013"]
[Site "Manaus BRA"]
[Date "2013.05.01"]
[Round "6.32"]
[White "Ferreira,Jos"]
[Black "Farias,Igor Borge Cardoso"]
[Result "1-0"]
[WhiteElo "1912"]
[BlackElo "1702"]

1.e4 c5 2.Nf3 d6 3.Bb5+ Nc6 4.Bxc6+ bxc6 5.O-O Bg4 6.h3 Bh5 7.g4 Bg6 8.d3 Qc8
9.Nh4 Nf6 10.Kg2 e6 11.Nc3 Be7 12.Kg3 Nd7 13.Ng2 h5 14.Rh1 h4+ 15.Kh2 f5
16.Nf4 Bf7 17.exf5 exf5 18.f3 Ne5 19.Re1 g5 20.Ng2 f4 21.b3 Bd5 22.Ne4 Qc7
23.Bb2 Rf8 24.Qe2 Ng6 25.c4 Bxe4 26.Qxe4 Ne5 27.Bxe5 dxe5 28.Qxe5 Qxe5 29.Rxe5 Kf7
30.Rae1 Rfe8 31.R1e4 Rad8 32.Ne1 Bf6 33.Rxe8 Rxe8 34.Rxe8 Kxe8 35.Nc2 Bc3
36.Kg2 Ke7 37.Kf2 Ke6 38.Ke2 Ke5 39.Kd1 Bb4 40.Kc1 Bc3 41.Kb1 a6 42.a3 a5
43.Ka2 Bd2 44.Kb2 Be3 45.b4 cxb4 46.axb4 axb4 47.Nxb4 Kd4 48.Kc2 Kc5 49.Na2 Kd4
50.Nc3 Bf2 51.Ne4 Ke3 52.Nxg5 Ke2 53.Ne6 Kxf3 54.g5 Kg3 55.g6 Kxh3 56.g7 Bg3
57.g8=Q f3 58.Ng5+ Kg2 59.Qe6 Kf2 60.Qf5  1-0

[Event "Chinese Teams 2013"]
[Site "Tianjin CHN"]
[Date "2013.05.01"]
[Round "2.3"]
[White "Yu Ruiyuan"]
[Black "Zhou Jianchao"]
[Result "1-0"]
[WhiteElo "2559"]
[BlackElo "2607"]

1.e4 c5 2.Nf3 d6 3.Bb5+ Nd7 4.d4 cxd4 5.Qxd4 a6 6.Bxd7+ Bxd7 7.c4 e5 8.Qd3 b5
9.Nc3 bxc4 10.Qxc4 Be6 11.Qc6+ Bd7 12.Qc4 Be6 13.Qd3 h6 14.O-O Nf6 15.Be3 Be7
16.Nd2 d5 17.exd5 Nxd5 18.Nxd5 Qxd5 19.Qxd5 Bxd5 20.Rfc1 Kd7 21.Nc4 Bxc4
22.Rxc4 Rhc8 23.Re4 Bd6 24.Rd1 Ke6 25.Bd2 f5 26.Ree1 Rc2 27.Bc3 g5 28.Kf1 g4
29.Re2 Rxe2 30.Kxe2 h5 31.Bd2 f4 32.f3 gxf3+ 33.Kxf3 Rc8 34.g3 Kf5 35.Bxf4 Rc6
36.Be3 e4+ 37.Ke2 Kg4 38.Rd4 Kh3 39.Rxe4 Kxh2 40.Re6 Rc2+ 41.Kd3 Rxb2 42.Rxd6 Rxa2
43.Bf4 Kh3 44.Rd5 Ra3+ 45.Ke4 h4 46.Rh5 Ra4+ 47.Kf3 Ra3+ 48.Be3 Ra4 49.Rh8 a5
50.Bf4 Ra3+ 51.Ke4 Rxg3 52.Bxg3 Kxg3 53.Ke3  1-0

[Event "Chinese Teams 2013"]
[Site "Tianjin CHN"]
[Date "2013.05.01"]
[Round "2.2"]
[White "Xu Huahua"]
[Black "Wang Jue"]
[Result "0-1"]
[WhiteElo "2124"]
[BlackElo "2401"]

1.e4 c5 2.Nf3 d6 3.Bb5+ Nd7 4.d4 cxd4 5.Qxd4 a6 6.Bxd7+ Bxd7 7.Bg5 Rc8 8.Nc3 h6
9.Bh4 e5 10.Qe3 g5 11.Bg3 Nf6 12.O-O-O Qc7 13.Ne1 b5 14.h4 Rg8 15.hxg5 hxg5
16.Kb1 b4 17.Nd5 Nxd5 18.Rxd5 Be6 19.Rd2 Be7 20.Rh6 a5 21.Nd3 Qc4 22.Nc1 a4
23.Qe2 Qxe2 24.Nxe2 Rc4 25.b3 axb3 26.axb3 Rc5 27.Nc1 f6 28.Nd3 Rb5 29.f3 Kf7
30.Rh7+ Rg7 31.Rxg7+ Kxg7 32.Rd1 d5 33.exd5 Rxd5 34.Kb2 Bf5 35.Nf2 Ra5 36.Ne4 g4
37.Bf2 Be6 38.Bh4 Ra8 39.Bg3 Kg6 40.c4 bxc3+ 41.Nxc3 Bc5 42.Ne2 Ba3+ 43.Ka2 Bf5
44.Nc3 Bb4+ 45.Kb2 Ba3+ 46.Ka2 Bc5+ 47.Na4 Bd4 48.Ka3 Rc8 49.Be1 Rc2 50.Rd2 Rc1
51.Bf2 Bxf2 52.Rxf2 g3 53.Rb2 Ra1+ 54.Kb4 Rf1 55.Nc3 Rf2 56.Nd1 Rxb2 57.Nxb2 Bh3  0-1

[Event "Chinese Teams 2013"]
[Site "Tianjin CHN"]
[Date "2013.05.02"]
[Round "3.3"]
[White "Lu Shanglei"]
[Black "Wang Hao"]
[Result "0-1"]
[WhiteElo "2562"]
[BlackElo "2743"]

1.e4 c5 2.Nf3 d6 3.Bb5+ Nd7 4.c3 Nf6 5.Qe2 a6 6.Ba4 b5 7.Bc2 Bb7 8.O-O e5
9.d4 Be7 10.Rd1 Qc7 11.dxe5 dxe5 12.Nh4 g6 13.Bh6 Bf8 14.Bg5 Bg7 15.c4 b4
16.Bxf6 Nxf6 17.Ba4+ Ke7 18.Nd2 Rhd8 19.f3 Bh6 20.Nb3 Bg5 21.g3 Bxh4 22.Rxd8 Rxd8
23.gxh4 Nh5 24.Qe3 Bc8 25.Nxc5 Nf4 26.Rd1 Rxd1+ 27.Bxd1 Qb6 28.Kf2 Qf6 29.Kg3 g5
30.Kf2 gxh4 31.Be2 Qb6 32.Bf1 Bh3 33.Bxh3 Nxh3+ 34.Ke1 Nf4 35.Kd2 Qg6 36.Kc2 Qg2+
37.Kb3 Qxh2 38.Nxa6 Qe2 39.Qc5+ Kf6 40.Qd6+ Ne6 41.Nc7 Qe3+ 42.Kxb4 Qc5+
43.Qxc5 Nxc5 44.Kxc5 h3 45.Kd6 h2 46.c5 h1=Q 47.c6 h5 48.b4 h4 49.b5 h3 50.Nd5+ Kg7
51.c7 Qc1 52.b6 h2 53.b7 h1=Q 54.c8=Q Qhh6+ 55.Kd7 Qe6+ 56.Kd8 Qd6+ 57.Ke8 Qcc6+  0-1

[Event "Chinese Teams 2013"]
[Site "Tianjin CHN"]
[Date "2013.05.02"]
[Round "3.2"]
[White "Ni,Shiqun"]
[Black "Zhai Mo"]
[Result "0-1"]
[WhiteElo "2213"]
[BlackElo "2259"]

1.e4 c5 2.Nf3 d6 3.Bb5+ Nc6 4.O-O Bd7 5.Re1 Nf6 6.c3 a6 7.Bf1 Bg4 8.h3 Bxf3
9.Qxf3 g6 10.d3 Bg7 11.Be3 Nd7 12.Qd1 e5 13.Nd2 b5 14.Nf3 Qb6 15.b4 O-O 16.Qb3 a5
17.a3 h6 18.Rab1 Rfb8 19.Rb2 Nf8 20.h4 Ne6 21.g3 Qa6 22.Bh3 c4 23.dxc4 bxc4
24.Qc2 axb4 25.axb4 Ned4 26.cxd4 exd4 27.b5 dxe3 28.Rxe3 Rxb5 29.Rxb5 Qxb5
30.Bf1 Ra4 31.Nd2 Na5 32.Re1 Rb4 33.Rb1 Rxb1 34.Qxb1 Qxb1 35.Nxb1 Bb2 36.Be2 c3
37.Bd1 Nc6 38.Kf1 Nd4 39.Ke1 c2 40.Bxc2 Nxc2+ 41.Kd2 Na3  0-1

[Event "Old Capital Open 2013"]
[Site "Veliko Tarnovo BUL"]
[Date "2013.05.02"]
[Round "2.20"]
[White "Ninov,D"]
[Black "Todorov,P"]
[Result "1-0"]
[WhiteElo "2120"]
[BlackElo "1714"]

1.e4 c5 2.Nf3 d6 3.Bb5+ Bd7 4.Bxd7+ Nxd7 5.c4 e5 6.Nc3 Ngf6 7.d3 Be7 8.O-O O-O
9.Nh4 Re8 10.Nf5 a6 11.f4 Bf8 12.fxe5 dxe5 13.Bg5 Qb6 14.b3 h6 15.Bh4 Qc6
16.Qf3 g5 17.Be1 Rad8 18.Qh3 Kh7 19.Bd2 Kg6 20.Nd5 b5 21.Ng3 Re6 22.Qf5+ Kg7
23.Nh5+ Nxh5 24.Qxf7+ Kh8 25.Qxh5 bxc4 26.Bxg5  1-0

[Event "Mukachevo Rating 18 2013"]
[Site "Mukachevo UKR"]
[Date "2013.05.03"]
[Round "5.3"]
[White "Shagbazyan,Tar"]
[Black "Sharapov,E"]
[Result "1/2-1/2"]
[WhiteElo "2372"]
[BlackElo "2411"]

1.e4 c5 2.Nf3 d6 3.Bb5+ Bd7 4.a4 Nf6 5.Nc3 Nc6 6.O-O e6 7.Re1 Be7 8.d4 cxd4
9.Nxd4 O-O 10.Be3 a6 11.Bc4 Ne5 12.Bb3 Qc7 13.Qe2 Rac8 14.Rad1 Nc4 15.Bc1 Qc5
16.Kh1 b5 17.axb5 axb5 18.Bxc4 Qxc4 19.Ndxb5 Bxb5 20.Nxb5 Qxc2 21.Nc3 Qxe2
22.Rxe2 Rc6  1/2-1/2

[Event "4NCL 2012-13"]
[Site "Hinckley ENG"]
[Date "2013.05.04"]
[Round "9.177"]
[White "Purton,B"]
[Black "Arvola,B"]
[Result "0-1"]
[WhiteElo "2136"]
[BlackElo "2347"]

1.e4 c5 2.Nf3 d6 3.Bb5+ Bd7 4.Bxd7+ Qxd7 5.c4 Nc6 6.O-O g6 7.d4 cxd4 8.Nxd4 Bg7
9.Be3 Nf6 10.f3 O-O 11.Nc3 Rfc8 12.Nde2 Qd8 13.Rc1 a6 14.b3 b5 15.Nd5 Nd7
16.Qd2 Kh8 17.Rfd1 e6 18.Ndf4 Nde5 19.c5 dxc5 20.Qxd8+ Rxd8 21.Rxd8+ Rxd8
22.Rxc5 g5  0-1

[Event "4NCL 2012-13"]
[Site "Hinckley ENG"]
[Date "2013.05.04"]
[Round "9.138"]
[White "Lauterbach,I"]
[Black "Conquest,S"]
[Result "1/2-1/2"]
[WhiteElo "2143"]
[BlackElo "2487"]

1.e4 c5 2.Nf3 d6 3.Bb5+ Nd7 4.c3 Nf6 5.Qe2 a6 6.Ba4 Qc7 7.O-O c4 8.e5 dxe5
9.Qxe5 Qxe5 10.Nxe5 b5 11.Nxd7 Kxd7 12.Bc2 e6 13.b3 cxb3 14.axb3 Bb7 15.d4 Rc8
16.Bb2 Bd6 17.Nd2 Bb4 18.Nb1 Rhd8 19.Bd3 Bd6 20.c4 bxc4 21.bxc4 Ke7 22.Nd2 Rb8
23.Bc3 Bf4 24.Rfd1 Rdc8 25.c5 Nd5 26.Ba5 Bxd2 27.Bxd2 Ra8 28.Rdb1 Rcb8 29.f3 h6
30.Be1 Bc8 31.Bg3 Rxb1+ 32.Rxb1 Kd7 33.Kf2 g5 34.Bd6 Nc7 35.Be4 Nd5 36.Bc2 Nc3
37.Rb3 Nd5 38.Rb2 Nc3 39.Rb3 Nd5 40.Rb2 Nc3 41.Ke3 Nb5 42.Ke4  1/2-1/2

[Event "FSGM May 2013"]
[Site "Budapest HUN"]
[Date "2013.05.05"]
[Round "2.2"]
[White "Kalegin,E"]
[Black "Atabayev,M"]
[Result "0-1"]
[WhiteElo "2447"]
[BlackElo "2452"]

1.e4 c5 2.Nf3 d6 3.Bb5+ Nd7 4.c3 Nf6 5.Qe2 a6 6.Ba4 b5 7.Bc2 e5 8.O-O Bb7
9.d4 Be7 10.a4 O-O 11.axb5 axb5 12.Rxa8 Qxa8 13.d5 c4 14.Na3 Qa5 15.Be3 Rc8
16.Nd2 Ba6 17.Bb1 Nc5 18.Bxc5 Rxc5 19.Nc2 Rc8 20.Nb4 Bb7 21.Rd1 Bd8 22.Nf1 Bb6
23.Ne3 Bc5 24.Nf5 Qd8 25.h3 g6 26.Nh6+ Kg7 27.Ng4 Nxg4 28.Qxg4 h5 29.Qf3 Qg5
30.Bc2 Ra8 31.Kf1 Bc8 32.Qg3 Qxg3 33.fxg3 Bxb4 34.cxb4 Ra2 35.Rb1 c3 36.Ke2 f5
37.Kd3 cxb2 38.Kc3 Ra3+ 39.Bb3 Ra1 40.Kxb2 Rxb1+ 41.Kxb1 f4 42.gxf4 exf4
43.Bd1 Kf6 44.Kc2 Ke5 45.Kd3 h4 46.Bf3 Bd7 47.Be2 Be8 48.Bg4 g5 49.Bf5 Bf7
50.Bh7 Bh5 51.Bf5 Bd1 52.Bd7 f3 53.gxf3 Bxf3 54.Bxb5 g4 55.Ke3 Bxe4 56.Bd7 g3
57.b5 Bxd5 58.Bc8 Be6 59.Bb7 d5 60.b6 Kd6 61.Ba8 Kd7 62.Kf3 d4 63.Kg2 d3  0-1

[Event "14th Euro Indiv 2013"]
[Site "Legnica POL"]
[Date "2013.05.05"]
[Round "1.7"]
[White "Simacek,P"]
[Black "Korobov,A"]
[Result "0-1"]
[WhiteElo "2498"]
[BlackElo "2705"]

1.e4 c5 2.Nf3 d6 3.Bb5+ Nd7 4.c3 Nf6 5.Qe2 a6 6.Ba4 e5 7.O-O Be7 8.d4 O-O
9.Bg5 h6 10.Bxf6 Bxf6 11.Bxd7 Bxd7 12.dxc5 Qc8 13.Qe3 Qxc5 14.Qxc5 dxc5 15.c4 Be6
16.Rc1 Rfd8 17.b3 b5 18.Na3 Rab8 19.h3 Kf8 20.Kf1 h5 21.Ke2 g5 22.Rc2 g4
23.hxg4 hxg4 24.Nd2 Kg7 25.Nf1 Rd4 26.f3 b4 27.Nb1 a5 28.Nbd2 gxf3+ 29.gxf3 Rh8
30.a3 a4 31.bxa4 b3 32.Rb2 Bg5 33.Rc1 f5 34.exf5 Bxf5 35.Rc3 Bxd2 36.Rcxb3 Bf4
37.Rb7+ Kf6 38.Rc7 Bd3+ 39.Kf2 Rd6 40.Rbb7 Bxc4  0-1

[Event "14th Euro Indiv 2013"]
[Site "Legnica POL"]
[Date "2013.05.05"]
[Round "1.96"]
[White "Brkic,A"]
[Black "Tate,A"]
[Result "1-0"]
[WhiteElo "2575"]
[BlackElo "2264"]

1.e4 c5 2.Nf3 d6 3.Bb5+ Bd7 4.Bxd7+ Qxd7 5.O-O Nf6 6.Qe2 Nc6 7.Rd1 e6 8.c4 Rc8
9.Nc3 Ne5 10.b3 Nxf3+ 11.Qxf3 e5 12.d3 Qg4 13.Qxg4 Nxg4 14.Rb1 Be7 15.b4 b6
16.bxc5 dxc5 17.a4 Kd7 18.a5 bxa5 19.Rb7+ Rc7 20.Rxc7+ Kxc7 21.Nd5+ Kd7 22.Nxe7 Kxe7
23.Ba3 Rc8 24.Rb1 Rc7 25.Rb5 Kd6 26.Rxa5 Nf6 27.Ra6+ Kd7 28.Ra5 Kd6 29.Ra6+ Kd7
30.g3 Ng8 31.f4 exf4 32.gxf4 Ne7 33.Kf2 f5 34.e5 Ng6 35.Kf3 Ke8 36.Ra5 Rd7
37.Ke3 Nh4 38.Bxc5 Ng2+ 39.Kd2 Nxf4 40.Bd6 Rb7 41.c5 Rb3 42.Rxa7 Rxd3+ 43.Kc2 Rh3
44.e6 Nxe6 45.Re7+ Kd8 46.Rxe6 g5 47.c6 f4 48.Rf6  1-0

[Event "III Miedzyzdroje Open 2013"]
[Site "Miedzyzdroje POL"]
[Date "2013.05.05"]
[Round "9.4"]
[White "Strzemiecki,Z"]
[Black "Galazewski,T"]
[Result "1-0"]
[WhiteElo "2446"]
[BlackElo "2250"]

1.e4 c5 2.Nf3 d6 3.Bb5+ Bd7 4.c4 Nf6 5.Nc3 g6 6.O-O Bg7 7.d4 cxd4 8.Nxd4 O-O
9.Bxd7 Nbxd7 10.Be3 Nc5 11.f3 a5 12.Qe2 Nfd7 13.Rac1 Ra6 14.Rfd1 a4 15.Kh1 Qa5
16.Nd5 Qd8 17.Nb5 Ne6 18.f4 f5 19.exf5 gxf5 20.Bf2 Ndc5 21.Bxc5 Nxc5 22.Nxe7+ Kh8
23.Nd5 Re8 24.Qc2 Re4 25.Nbc3 Rxc4 26.Qxf5 Ra8 27.Re1 Qf8 28.Qh3 Re8 29.Qh5 Ne4
30.Nxe4 Rexe4 31.b3 axb3 32.Rxe4 Rxe4 33.axb3 Bb2 34.Rd1 Qg8 35.h3 Qe6 36.Kh2 Bd4
37.Qg5 Qg6 38.Qxg6 hxg6 39.Kg3 Bc5 40.Kf3 Re8 41.Rd3 Re1 42.b4 Bg1 43.Nc3  1-0

[Event "Geneva WGP 2013"]
[Site "Geneva SUI"]
[Date "2013.05.06"]
[Round "4.4"]
[White "Hou Yifan"]
[Black "Cmilyte,V"]
[Result "1-0"]
[WhiteElo "2617"]
[BlackElo "2522"]

1.e4 c5 2.Nf3 d6 3.Bb5+ Bd7 4.Bxd7+ Qxd7 5.O-O Nc6 6.Qe2 Nf6 7.Rd1 g5 8.c3 g4
9.Ne1 Qe6 10.d3 h5 11.Bg5 Rg8 12.Bh4 Bh6 13.Nd2 O-O-O 14.Nf1 Nd5 15.Qc2 Nf4
16.d4 d5 17.exd5 Rxd5 18.Ne3 Nh3+ 19.gxh3 gxh3+ 20.Kf1 Bxe3 21.fxe3 Qg4 22.e4 Qf4+
23.Bf2 Rdg5 24.Qd3 f5 25.Qxh3 cxd4 26.cxd4 Rg1+ 27.Ke2 Qxe4+ 28.Qe3 Qg4+
29.Nf3 Rg2 30.Rg1 f4 31.Qe4 Qh3 32.Rxg2 Rxg2 33.d5 Nb8 34.Rc1+ Kd8 35.Qe5  1-0

[Event "4NCL 2012-13"]
[Site "Hinckley ENG"]
[Date "2013.05.06"]
[Round "11.111"]
[White "Jones,G"]
[Black "Shirov,A"]
[Result "1/2-1/2"]
[WhiteElo "2644"]
[BlackElo "2708"]

1.e4 c5 2.Nf3 d6 3.Bb5+ Nc6 4.O-O Bd7 5.Re1 Nf6 6.c3 a6 7.Bf1 Bg4 8.h3 Bxf3
9.Qxf3 g6 10.Qd1 Bh6 11.a4 d5 12.exd5 Nxd5 13.d3 Bxc1 14.Qxc1 O-O 15.Nd2 Qc7
16.Ne4 b6 17.Qh6 f6 18.d4 cxd4 19.Bc4 e6 20.Ng5 fxg5 21.Rxe6 Ncb4 22.cxb4 Qxc4
23.Rxg6+ hxg6 24.Qxg6+ Kh8 25.Qh6+ Kg8 26.Qg6+  1/2-1/2

[Event "14th Euro Indiv 2013"]
[Site "Legnica POL"]
[Date "2013.05.06"]
[Round "2.23"]
[White "Petrosian,TL"]
[Black "Kraemer,Mart"]
[Result "1-0"]
[WhiteElo "2645"]
[BlackElo "2544"]

1.e4 c5 2.Nf3 d6 3.Bb5+ Nd7 4.O-O a6 5.Bd3 Ngf6 6.Re1 e5 7.c3 Be7 8.Bc2 O-O
9.d4 b5 10.Nbd2 Qc7 11.Nf1 Re8 12.Ng3 Nf8 13.a4 cxd4 14.cxd4 Bg4 15.Nf5 Ne6
16.Bb3 Nxd4 17.N5xd4 exd4 18.h3 Bh5 19.g4 Bg6 20.axb5 axb5 21.Rxa8 Rxa8 22.Bf4 Re8
23.Qxd4 Bf8 24.e5 dxe5 25.Bxe5 Qa5 26.Re3 Rd8 27.Qc3 Qa6 28.Bxf6 gxf6 29.Nh4 Rc8
30.Qe1 Qc6 31.Nxg6 hxg6 32.Qe2 Bc5 33.Rc3 Kg7 34.Qd3 Rc7 35.Bd5 Qb6 36.Qf3 Rd7
37.Rd3 Bd4 38.b4 Rc7 39.Qf4 Be5 40.Qd2 Ra7 41.Kg2 Bb8 42.Qe3 Qc7 43.Qg3 Qb6
44.Qe3 Qd6 45.Qg3 Qf8 46.Qe3 Qxb4 47.Bb3 Re7 48.Qd4 Qa5 49.Qc5 Rc7 50.Qd5 Ba7
51.g5 Qb6 52.gxf6+ Qxf6 53.Rf3 Qd4 54.Rxf7+ Rxf7 55.Qxf7+ Kh6 56.Qf8+ Qg7
57.Qf4+ Kh7 58.Bc2 Qb7+ 59.Be4 Qb6 60.Qf7+ Kh6  1-0

[Event "Catalan Championship 2013"]
[Site "Barcelona ESP"]
[Date "2013.05.07"]
[Round "2.2"]
[White "Munoz Pantoja,M"]
[Black "Alonso Rosell,A"]
[Result "1/2-1/2"]
[WhiteElo "2455"]
[BlackElo "2547"]

1.e4 c5 2.Nf3 d6 3.Bb5+ Bd7 4.Bxd7+ Qxd7 5.O-O Nf6 6.Re1 Nc6 7.c4 g6 8.d4 cxd4
9.Nxd4 Bg7 10.f3 Nxd4 11.Qxd4 O-O 12.Qd3 Qc6 13.Nc3 a6 14.Nd5 Nxd5 15.exd5 Qc7
16.Rb1 b5 17.cxb5 Qc5+ 18.Be3 Qxb5 19.Qxb5 axb5 20.Bg5 f6 21.Bd2 Kf7 22.a3 f5
23.Re2 Bf6 24.Rbe1 Rfe8 25.Bb4 Rec8 26.Bc3 Ra7 27.Bxf6 Kxf6 28.Kf2 Rc5 29.Rd1 Rac7
30.Rdd2 Rc4 31.g3 Rc1 32.f4 Rh1 33.Kg2 Rhc1 34.Kf2 Kf7 35.Re3 Rh1 36.Ree2 b4  1/2-1/2

[Event "FSGM May 2013"]
[Site "Budapest HUN"]
[Date "2013.05.07"]
[Round "4.3"]
[White "Papp,Petra"]
[Black "Atabayev,M"]
[Result "0-1"]
[WhiteElo "2307"]
[BlackElo "2452"]

1.e4 c5 2.Nf3 d6 3.Bb5+ Nd7 4.d4 Nf6 5.Nc3 cxd4 6.Qxd4 e5 7.Qd3 h6 8.Be3 a6
9.Bc4 Qc7 10.Bd5 Nc5 11.Qe2 Rb8 12.a4 Be6 13.Bxe6 Nxe6 14.O-O Be7 15.Rfd1 Rc8
16.a5 Nf8 17.Ne1 Qc4 18.Qf3 N8d7 19.Nd3 O-O 20.Ra4 Qe6 21.Nb4 Rc4 22.Nbd5 Rxa4
23.Nxa4 Nxd5 24.exd5 Qg6 25.Qe2 f5 26.Nb6 Nf6 27.f4 exf4 28.Bxf4 Ne4 29.c4 Re8
30.Qf3 Bf6 31.Na4 Re7 32.c5 dxc5 33.d6 Rf7 34.d7 Bd8 35.Nb6 Qe6 36.Qd3 Nf6
37.Qb1 Bxb6 38.Rd6 Qe4 39.Qxe4 fxe4 40.Rxb6 Rxd7 41.g3 Kf7 42.Kf2 Nd5 43.Rb3 Ke6
44.Ke2 Nxf4+ 45.gxf4 Kf5 46.Rc3 Kxf4 47.Rxc5 g5 48.Rc8 Rd3 49.Rf8+ Kg4 50.Re8 Rb3
51.Rxe4+ Kf5 52.Re7 Rxb2+ 53.Kf3 Rxh2 54.Rf7+ Kg6 55.Rxb7 Ra2 56.Rb6+ Kh5
57.Rxa6 g4+ 58.Kg3 Kg5 59.Ra8 Ra3+ 60.Kg2 h5 61.a6 Kh4 62.a7 g3 63.Kg1 Kh3
64.Rf8 Rxa7 65.Rf1 Ra4 66.Rb1 h4 67.Kh1 Kg4 68.Kg2 h3+ 69.Kg1 h2+ 70.Kg2 Ra2+
71.Kh1 Kh3  0-1

[Event "Asian Zonal 3.1 w 2013"]
[Site "Doha QAT"]
[Date "2013.05.07"]
[Round "4.3"]
[White "Ghader Pour,S"]
[Black "Hejazipour,M"]
[Result "1/2-1/2"]
[WhiteElo "2242"]
[BlackElo "2236"]

1.e4 c5 2.Nf3 d6 3.Bb5+ Nc6 4.O-O Bd7 5.Re1 a6 6.Bf1 Bg4 7.h3 Bh5 8.c3 Nf6
9.g4 Bg6 10.d4 cxd4 11.cxd4 e5 12.Nc3 Be7 13.d5 Nb8 14.a4 h5 15.Nh2 hxg4
16.hxg4 Nh7 17.Nf3 Ng5 18.Bg2 Nd7 19.a5 Rc8 20.Ra3 Nxf3+ 21.Bxf3 Bg5 22.b4 Bxc1
23.Qxc1 Qh4 24.Qd1 Nf6 25.Kf1 Qh3+ 26.Bg2 Qxg4 27.Qxg4 Nxg4 28.Ne2 Nf6 29.Rc3 Rxc3
30.Nxc3 Ke7 31.Rb1 Rc8 32.Rb3 Rc4 33.f3 Nd7 34.Ke2 f5 35.Kd3 Rd4+ 36.Ke3 fxe4
37.fxe4 Rc4 38.Kd3 Rc7 39.Rb1 Nf6 40.Bh3 Nh5 41.Ne2 Be8 42.Ke3 Bb5 43.Bg4 Bxe2
44.Bxe2 Nf4 45.Kd2 Kf6 46.b5 axb5 47.Rxb5 Ng6 48.Rb6 Ke7 49.Bg4 Nf8 50.Rb1 g6
51.Kd3 Nh7 52.Be6 Ng5 53.Bg4 Nf7 54.Rh1 Rc5 55.Rh7 Kf6 56.Be6 Ng5 57.Rd7 Rxa5
58.Rxd6 Ra3+ 59.Ke2 Nxe4 60.Rb6 Nc5 61.Bc8+ Kg5 62.d6 Ra6 63.Rb5 Rxd6 64.Rxc5 Rc6
65.Rxe5+ Kf6 66.Re8 b5 67.Kd2 b4 68.Bg4 Rb6 69.Kc2 Kg5 70.Re4 Rf6 71.Be6 Rf4
72.Re3 Rd4 73.Bf7 Kf4 74.Re6 g5 75.Rf6+ Kg3 76.Be6 g4 77.Kb3 Kg2 78.Bc4 g3
79.Kxb4 Kh2 80.Rh6+ Kg1 81.Kc3 Rg4 82.Bd5 g2 83.Kd3 Kf2 84.Rf6+ Kg3 85.Bxg2  1/2-1/2